000 00464nam a2200181Ia 4500
001 4215
005 20260306145739.0
008 260306t2013||||xx |||||||||||||| ||spa||
041 _aESP
082 _a320.01
_bN564
100 _aNohlen, Dieter
_eAUT
245 0 _a¿Cómo estudiar ciencia política?:
_buna introdución en trece lecciones
260 _c2013
300 _a333 páginas :
_c24 cm.
650 _aGEN
654 _aCDE
942 _cLIB
_dJUS
_fJUS
_2ddc
_n
999 _c4215
_d4215